The Sermon on the Mount. (Record no. 7411)

000 -LEADER
fixed length control field 00559nam a2200193 a 4500
001 - CONTROL NUMBER
control field :::00005172$&:&@@
003 - CONTROL NUMBER IDENTIFIER
control field OkBaRHE
005 - DATE AND TIME OF LATEST TRANSACTION
control field 20000607103323.0
008 - FIXED-LENGTH DATA ELEMENTS--GENERAL INFORMATION
fixed length control field s1934 j 000 0 eng u
040 ## - CATALOGING SOURCE
Transcribing agency
100 1# - MAIN ENTRY--PERSONAL NAME
Personal name Fox, Emmet.
245 14 - TITLE STATEMENT
Title The Sermon on the Mount.
260 ## - PUBLICATION, DISTRIBUTION, ETC. (IMPRINT)
Place of publication, distribution, etc New York, NY., :
Name of publisher, distributor, etc Harper and Brothers
Date of publication, distribution, etc c1934
300 ## - PHYSICAL DESCRIPTION
Extent 155 p.
650 ## - SUBJECT ADDED ENTRY--TOPICAL TERM
Topical term or geographic name as entry element Bible New Testament Matthew
650 ## - SUBJECT ADDED ENTRY--TOPICAL TERM
Topical term or geographic name as entry element Sermon on the Mount
942 ## - ADDED ENTRY ELEMENTS (KOHA)
Source of classification or shelving scheme
Koha item type Books
Copies
Withdrawn status Not for loan Price effective from Date acquired Damaged status Copy number Koha item type Shelving location Source of classification or shelving scheme Full call number Permanent Location Date last seen Current Location Barcode Lost status
  2010-04-142010-04-14 1BooksGeneral Stacks BT 380 .F6RHEMA Bible Training College2018-04-17RHEMA Bible Training College5172Missing